Biodiversity Conservation Handbook

Bibliographic Details
Main Author: McKinstry, Jr., Robert B.
Other Authors: Ripp, Coreen, Lisy, Emily
Format: eBook
Language:English
Published: Washington DC: Environmental Law Institute, 2006
Subjects:
Online Access:Acceso restringido

MARC

LEADER 00000nam a22000007a 4500
005 2022091507507.0
007 cr|||| ||||
008 220915s2006 us |||||s|||| 00||0 eng d
020 |a 1-58576-096-X 
035 |a 36357 
040 |a vLex 
090 |c 13907  |d 13907 
100 1 |a McKinstry, Jr., Robert B. 
245 1 0 |a Biodiversity Conservation Handbook  |h [Recurso electrn̤ico] /  |c Robert B. McKinstry, Jr., Coreen Ripp, Emily Lisy 
256 |a Servicio en ln̕ea 
260 |a Washington DC:  |b Environmental Law Institute,  |c 2006 
300 |a 1 recurso electrn̤ico 
500 |a The Biodiversity Conservation Handbook is designed to assist state and local policymakers who wish to "think globally and act locally" by developing a state or local biodiversity program. In addition to providing background on biodiversity generally and the importance of such programs at the state and local level, it looks at how science can inform and be incorporated into biodiversity programs, the various legal tools states can use in implementing such programs, and the importance of considering people's social and economic needs in designing biodiversity programs. Last, it examines the steps Pennsylvania has taken to conserve and restore the native biodiversity within its borders. 
506 1 |a Disponible solo en los productos indicados  |d vLex Global  |d vLex Global (Academic Edition, excluding Law Schools)  |d vLex Global (Academic Edition, Law Schools) 
650 0 4 |a Derecho Comunitario  |z Estados Unidos 
650 0 4 |a Derecho del Medio Ambiente  |z Estados Unidos 
700 1 |a Ripp, Coreen 
700 1 |a Lisy, Emily 
740 0 |a vLex Libros (Servicio en ln̕ea) 
856 4 0 |u https://app.vlex.com/#/sources/36357  |z Acceso restringido 
942 |c BOOK 
999 0 |a Community Law 
999 0 |a Environmental Law